000
00232nam a22001097a 4500
008
180730b xxu||||| |||| 00| 0 eng d
082
_a
813.52
245
_a
Patient care
_c
GME
260
_c
2005
300
_a
1
_f
CD
942
_2
ddc
_c
MX
999
_c
46676
_d
46676